000 01308nam a2200337 i 4500
003 CO-BoRNBP
005 20250217094810.0
007 ta
008 250217r2023 ck a|||| |||| 00| 0 spa d
020 _a9786287672079
040 _aCO-BoRNBP
_bspa
_cCO-BoRNBP
_erda
041 _aspa
_heng
084 _aC SLO14
100 1 _aSlobodkin, Louis
_d1903-1975
_eautor
_958419
245 1 0 _aFlor de luna y el centavo de oro/
_cLouis Slobodkin; traducción, Virginia López Ballesteros
250 _aEdición especial
264 1 _aBogotá, Colombia
_bLoqueleo,
_c2023
300 _a67 páginas,
_bilustraciones a color,
_c26 cm
336 _2rdacontent
_atexto
_btxt
337 _2rdamedia
_asin mediación
_bn
338 _2rdacarrier
_avolumen
_bnc
490 _aPlan Nacional de Lectura, Escritura y Oralidad
_pMinisterio de Cultura
521 _aRecomendado para un público infantil a partir de los 6 años
534 _tMoon Blossom and the Golden Penny
650 1 7 _2ARMARC
_aCuentos infantiles estadounidenses
_vSiglo XX
_958420
650 1 7 _2ARMARC
_aLiteratura infantil estadounidense
_vSiglo XX
_958421
650 1 7 _2ARMARC
_aHonradez en la literatura
_958422
650 1 7 _2ARMARC
_aHumildad en la literatura
_958423
700 1 _aLópez Ballesteros, Virginia
_etraductora
_958424
942 _2ddc
_cBKINF
999 _c56910
_d56910